000
00282nam a22001097a 4500
008
150129b xxu||||| |||| 00| 0 eng d
022
_a
2221-5859
245
_a
Iba global insight /
260
_a
London :
_b
International bar association ,
_c
c 2014.
300
_a
58p.
942
_2
ddc
_c
PER
999
_c
5963
_d
5963